000 00494nam a2200145Ia 4500
008 151213s9999 xx 000 0 und d
100 _aCBS Publisher and Distributors
245 _aThe New International Websters Pocket Dictionary Business of The English Language .
_cCBS Publisher and Distributors
260 _aNew Delhi
_bCBS Publisher & Distributors
_c2001
300 _a1611 p.
650 _aDictionary
650 _aReference
700 _aCBS Publisher and Distributors
999 _c1225
_d1225